000 00420nam a2200181Ia 4500
001 16346
005 20260306170302.0
008 260306t2009||||xx |||||||||||||| ||und||
041 _aESP
082 _a348.3
_bL88 2009
100 _aLópez Santos, Demetrio
_eAUT
245 0 _aDerecho minero
260 _c2009
300 _a629 páginas :
_c21 cm.
650 _aGEN
654 _aCDE
942 _cLIB
_dJUS
_fJUS
_2ddc
_n
999 _c16346
_d16346